Type the Number (Medium) - Statistics

General Stats
  • This quiz has been taken 11 times
  • The average score is 4 of 5
Answer Stats
Number Answer % Correct
10249 10249
100%
15929 15929
100%
17427 17427
100%
20486 20486
100%
21938 21938
100%
24657 24657
100%
29136 29136
100%
32051 32051
100%
34025 34025
100%
40024 40024
100%
42017 42017
100%
43252 43252
100%
43922 43922
100%
44397 44397
100%
49317 49317
100%
50964 50964
100%
53043 53043
100%
56295 56295
100%
58530 58530
100%
59355 59355
100%
63067 63067
100%
68202 68202
100%
71936 71936
100%
74830 74830
100%
90141 90141
100%
99341 99341
100%
34868 34868
67%
32350 32350
50%
57935 57935
50%
16827 16827
0%
18504 18504
0%
19377 19377
0%
20631 20631
0%
23018 23018
0%
23479 23479
0%
23842 23842
0%
24714 24714
0%
28476 28476
0%
29106 29106
0%
32056 32056
0%
32964 32964
0%
34943 34943
0%
35928 35928
0%
37401 37401
0%
39127 39127
0%
42878 42878
0%
43068 43068
0%
43281 43281
0%
47243 47243
0%
48203 48203
0%
48253 48253
0%
48274 48274
0%
48598 48598
0%
49210 49210
0%
49304 49304
0%
50273 50273
0%
52816 52816
0%
53022 53022
0%
53893 53893
0%
57392 57392
0%
59341 59341
0%
61345 61345
0%
63806 63806
0%
67214 67214
0%
69375 69375
0%
72187 72187
0%
74396 74396
0%
76275 76275
0%
79355 79355
0%
91443 91443
0%
92163 92163
0%
93243 93243
0%
98277 98277
0%
No matching quizzes found
Score Distribution
Percent of People with Each Score
Percentile by Number Answered
Your Score History
You have not taken this quiz